LEADER 01041nam0 22002891i 450 001 UON00251003 005 20231205103629.453 010 $a29-09-90663-9 100 $a20040309d1996 |0itac50 ba 101 $afre 102 $aFR 105 $a|||| ||||| 200 1 $aJacinthe noire$fTaos Amrouche 210 $aParis$cJoelle Losfeld$dc1996 215 $a284 p.$d21 cm 606 $aROMANZI ALGERINI (lett. francofona)$3UONC018262$2FI 620 $aFR$dParis$3UONL002984 676 $aALG843$cNARRATIVA ALGERINA FRANCOFONA$v21 700 1$aAMROUCHE$bTaos$3UONV148136$0688727 712 $aLosfeld$3UONV253948$4650 790 1$aAMROUCHE, Marie-Louise$zAMROUCHE, Taos$3UONV148285 801 $aIT$bSOL$c20240220$gRICA 899 $aSIBA - SISTEMA BIBLIOTECARIO DI ATENEO$2UONSI 912 $aUON00251003 950 $aSIBA - SISTEMA BIBLIOTECARIO DI ATENEO$dSI B Afr 1 0401 $eSI AA 26336 7 0401 996 $aJacinthe noire$91235205 997 $aUNIOR LEADER 05096nam 2200757 450 001 9910820458603321 005 20230919103602.0 010 $a1-118-64740-8 010 $a1-118-64721-1 035 $a(CKB)3710000000635388 035 $a(EBL)4461562 035 $a(SSID)ssj0001645566 035 $a(PQKBManifestationID)16414255 035 $a(PQKBTitleCode)TC0001645566 035 $a(PQKBWorkID)14970623 035 $a(PQKB)11718093 035 $a(DLC) 2015042371 035 $a(Au-PeEL)EBL4461562 035 $a(CaPaEBR)ebr11188042 035 $a(CaONFJC)MIL909463 035 $a(MiAaPQ)EBC4461562 035 $a(OCoLC)928136804 035 $a(EXLCZ)993710000000635388 100 $a20151023h20162016 uy| 0 101 0 $aeng 135 $aur||||||||||| 181 $ctxt 182 $cc 183 $acr 200 10$aAgricultural medicine $erural occupational and environmental health, safety, and prevention /$fKelley J. Donham and Anders Thelin 205 $aSecond edition. 210 1$aHoboken, New Jersey :$cJohn Wiley & Sons,$d[2016] 210 4$dİ2016 215 $a1 online resource (605 p.) 225 1 $aTHEi Wiley ebooks 300 $aDescription based upon print version of record. 311 $a1-118-64720-3 311 $a1-118-64735-1 320 $aIncludes bibliographical references and index. 327 $aTitle Page ; Copyright Page; Contents; About the Authors; About the Reviewers ; Preface; Chapter 1 Introduction and Overview; 1.1 Introduction to the Professional Specialty of Agricultural Medicine (Agricultural Safety and Health); 1.2 Terminology and Definitions; 1.3 What is an Agricultural Health and Safety Professional?; 1.3.1 The Primary Care Physician, Nurse, Allied Health Professionals, and Veterinary Practitioners; 1.3.2 The Full-time Agricultural Health and Safety Specialist ; 1.4 Training of Agricultural Health Practitioners and Agriculture Health and Safety Specialists 327 $a1.4.1 Training for Healthcare Practitioners 1.4.2 Training Full-time Agriculture Health and Safety Specialists ; 1.5 Demographics of the Agricultural Workforce; 1.6 The Evolution of Production Agricultural, Workforce, and Types of Farms; 1.6.1 Family Farms; 1.6.2 Principal Operator; 1.6.3 Farm Family Members; 1.6.4 Farm Workers; 1.6.5 Indigenous Farm Workers; 1.6.6 Migrant and Seasonal Farm Workers; 1.6.7 Large Farms and Industrial-style Farms ; 1.6.8 Family Corporations; 1.7 Other Occupations Exposed to the Agricultural Environment; 1.8 General Health Status of the Agricultural Population 327 $a1.9 Occupational Health Status of the Agricultural Workforce 1.10 Occupational Injury and Illness Statistics; 1.11 Persistent and Emerging Megatrends in Agriculture: Health-Safety Implications; 1.12 A Preview of Specific Occupational Health and Safety Risks and Conditions; 1.12.1 Special Risk Populations in Agriculture (Chapter 2); 1.12.2 Agricultural Respiratory Conditions (Chapter 3); 1.12.3 Agricultural Skin Diseases (Chapter 4); 1.12.4 Cancer in Agricultural Populations (Chapter 5); 1.12.5 Toxicology of Pesticides (Chapter 6) 327 $a1.12.6 General Environmental Health Hazards in Agriculture (Chapter 7)1.12.7 Musculoskeletal Diseases in Agriculture (Chapter 8); 1.12.8 Physical Factors Affecting Health (Chapter 9); 1.12.9 Mental, Social, and Behavioral Health in Agriculture (Chapter 10); 1.12.10 Acute Agricultural Injuries (Chapter 11); 1.12.11 Human Health Hazards of Veterinary Pharmaceuticals (Chapter 12); 1.12.12 Agricultural and Rural Zoonotic and Emerging Infectious Diseases (Chapter 13); 1.12.13 Prevention of Illness and Injury in Agricultural Populations (Chapter 15) 327 $a1.12.14 Agricultural Health and Safety Organizations 1.13 Summary; References; Chapter 2 Special Risk Populations in Agricultural Communities; 2.1 Introduction; 2.2 Women in Agriculture; 2.2.1 Work Exposures/Risk Factors for Farm Women; 2.2.2 Prevention; 2.3 Youths in Agriculture; 2.3.1 Work Exposures/Risks Factors; 2.3.2 Prevention; 2.3.3 Going Beyond Awareness-level Education Aimed at Farm Youths ; 2.4 Elderly Farmers; 2.4.1 Work Exposures/Risks; 2.4.2 Recommendations for Prevention; 2.5 Migrant and Seasonal Farm Workers; 2.5.1 Work Exposures/Risks; 2.5.2 Prevention and Protection of MSFWs 327 $a2.6 Old-order Anabaptists 410 0$aTHEi Wiley ebooks. 606 $aAgricultural laborers$xHealth and hygiene 606 $aAgricultural laborers$xDiseases 606 $aAgriculture$xHealth aspects 606 $aMedicine, Rural 606 $aRural health 615 0$aAgricultural laborers$xHealth and hygiene. 615 0$aAgricultural laborers$xDiseases. 615 0$aAgriculture$xHealth aspects. 615 0$aMedicine, Rural. 615 0$aRural health. 676 $a362.196/98 700 $aDonham$b Kelley J.$01596259 702 $aThelin$b Anders 801 0$bMiAaPQ 801 1$bMiAaPQ 801 2$bMiAaPQ 906 $aBOOK 912 $a9910820458603321 996 $aAgricultural medicine$93917575 997 $aUNINA